Những bài làm văn mẫu 2 Tuyển tập những bài văn hay bậc tiểu học
v.v...
Đã lưu trong:
| Tác giả chính: | |
|---|---|
| Định dạng: | Sách |
| Năm xuất bản: |
Nghệ An
Nxb Nghệ An
2003
|
| Chủ đề: | |
| Tags: |
Thêm thẻ
Không có thẻ, Hãy là người đầu tiên gắn thẻ bản ghi này!
|
| LEADER | 01743nam a2200253 4500 | ||
|---|---|---|---|
| 999 | |c 11112 |d 11112 | ||
| 082 | |a 372.623 |b V500T | ||
| 100 | |a Vũ Tiến Quỳnh | ||
| 245 | |a Những bài làm văn mẫu 2 |c Vũ Tiến Quỳnh |b Tuyển tập những bài văn hay bậc tiểu học | ||
| 260 | |a Nghệ An |b Nxb Nghệ An |c 2003 | ||
| 300 | |a 103 tr. |c 21 cm. | ||
| 520 | |a v.v... | ||
| 653 | |a Giáo dục tiểu học | ||
| 653 | |a Làm văn | ||
| 653 | |a Lớp 2 | ||
| 942 | |2 ddc |c STK0 | ||
| 952 | |0 0 |1 0 |2 ddc |4 0 |6 372_623000000000000_V500T |7 0 |8 300 |9 95702 |a qbu |b qbu |c D2 |d 2015-09-29 |g 8500 |o 372.623 V500T |p 10818.c1 |r 0000-00-00 |w 2015-09-29 |y STK0 | ||
| 952 | |0 0 |1 0 |2 ddc |4 0 |6 372_623000000000000_V500T |7 0 |8 300 |9 95703 |a qbu |b qbu |c D2 |d 2015-09-29 |g 8500 |l 1 |o 372.623 V500T |p 10818.c2 |r 2017-04-28 |s 2017-04-14 |w 2015-09-29 |y STK0 | ||
| 952 | |0 0 |1 0 |2 ddc |4 0 |6 372_623000000000000_V500T |7 0 |8 300 |9 95704 |a qbu |b qbu |c D2 |d 2015-09-29 |g 8500 |o 372.623 V500T |p 10818.c3 |r 0000-00-00 |w 2015-09-29 |y STK0 | ||
| 952 | |0 0 |1 0 |2 ddc |4 0 |6 372_623000000000000_V500T |7 0 |8 300 |9 95705 |a qbu |b qbu |c D2 |d 2015-09-29 |g 8500 |o 372.623 V500T |p 10818.c4 |r 0000-00-00 |w 2015-09-29 |y STK0 | ||
| 952 | |0 0 |1 0 |2 ddc |4 0 |6 372_623000000000000_V500T |7 0 |8 300 |9 95706 |a qbu |b qbu |c D2 |d 2015-09-29 |g 8500 |o 372.623 V500T |p 10818.c5 |r 0000-00-00 |w 2015-09-29 |y STK0 | ||
| 952 | |0 0 |1 0 |2 ddc |4 0 |6 372_623000000000000_V500T |7 0 |8 300 |9 95707 |a qbu |b qbu |c D2 |d 2015-09-29 |g 8500 |o 372.623 V500T |p 10818.c6 |r 0000-00-00 |w 2015-09-29 |y STK0 | ||
| 952 | |0 0 |1 0 |2 ddc |4 0 |6 372_623000000000000_V500T |7 0 |8 300 |9 95708 |a qbu |b qbu |c D2 |d 2015-09-29 |g 8500 |o 372.623 V500T |p 10818.c7 |r 0000-00-00 |w 2015-09-29 |y STK0 | ||
| 952 | |0 0 |1 0 |2 ddc |4 0 |6 372_623000000000000_V500T |7 0 |8 300 |9 95709 |a qbu |b qbu |c D2 |d 2015-09-29 |g 8500 |o 372.623 V500T |p 10818.c8 |r 0000-00-00 |w 2015-09-29 |y STK0 | ||